00619nam a22001937a 4500003000500000005001700005008004100022010001000063011001000073035001000083040000900093100002900102245008000131260004000211300001900251502010800270650002600378650002100404CHAP20220329135443.0971013s1976 r 00010 d a36749 a37721 a41841 cCHAP00aOrtega Solís, Enrique. aControl químico de la roya del clavel en Tecomatlán, Tenancingo, Méx. aChapingo, Méx. :bEl autor,c1976 a49 h.b: ilus. aTesis (Ing. Agr. Esp. en Parasitología Agrícola) -- ENA. Departamento de Parasitología Agrícola14aClavelxEnfermedades.14aRoya del clavel.